[Event "WchT Seniors 50"]
[Site "Dresden"]
[Date "2018.07.08"]
[Round "2.9"]
[White "Preuss, Heiko"]
[Black "Arenhoevel, Mark"]
[Result "1/2-1/2"]
[WhiteElo "2235"]
[BlackElo "2077"]
[PlyCount "44"]
[EventDate "2018.07.07"]
[EventType "team-swiss"]
[EventRounds "9"]
[EventCountry "GER"]
[SourceTitle "CBM 185 Extra"]
[Source "ChessBase"]
[SourceDate "2018.07.29"]
[SourceVersion "1"]
[SourceVersionDate "2018.07.29"]
[SourceQuality "1"]
[WhiteTeam "Ulm Post"]
[BlackTeam "Dresden Striesen"]
[WhiteTeamCountry "GER"]
[BlackTeamCountry "GER"]

1. d4 d5 2. g3 Nf6 3. Bg2 g6 4. Nf3 Bg7 5. 0-0 c6 6. b3 0-0 7. Bb2 Bf5 8. Nbd2 Nbd7 9. Nh4 Be6 10. f4 Ng4 11. Rf3 f5 12. h3 Ngf6 13. Rb1 a5 14. Kh2 a4 15. b4 Ne4 16. Rf1 Nb6 17. c3 a3 18. Ba1 Nxd2 19. Qxd2 Nc4 20. Qd3 Qd6 21. Nf3 b5 22. Rf2 Bd7 1/2-1/2

[Event "WchT Seniors 50"]
[Site "Radebeul"]
[Date "2016.07.02"]
[Round "7.4"]
[White "Plaskett, H James"]
[Black "Preuss, Heiko"]
[Result "1/2-1/2"]
[WhiteElo "2445"]
[BlackElo "2245"]
[PlyCount "33"]
[EventDate "2016.06.26"]
[EventType "team-swiss"]
[EventRounds "9"]
[EventCountry "GER"]
[SourceTitle "CBM 173 Extra"]
[Source "ChessBase"]
[SourceDate "2016.08.29"]
[SourceVersion "1"]
[SourceVersionDate "2016.08.29"]
[SourceQuality "1"]
[WhiteTeam "England II"]
[BlackTeam "Ulm Post"]
[WhiteTeamCountry "ENG"]
[BlackTeamCountry "GER"]

1. e4 c5 2. Nf3 d6 3. Nc3 e5 4. Bc4 Nc6 5. d3 h6 6. 0-0 Nf6 7. a3 Be7 8. Rb1 Nd4 9. Nxd4 cxd4 10. Nd5 a6 11. f4 b5 12. Nxf6+ Bxf6 13. Bd5 Ra7 14. Qh5 Qe7 15. Bd2 Be6 16. Bxe6 Qxe6 17. fxe5 1/2-1/2

[Event "Oberliga Wuerttemberg 1112"]
[Site "Wuerttemberg"]
[Date "2012.01.15"]
[Round "5.5"]
[White "Banaszek, Marcin"]
[Black "Preuss, Heiko"]
[Result "1/2-1/2"]
[WhiteElo "2196"]
[BlackElo "2237"]
[PlyCount "135"]
[EventDate "2011.10.09"]
[EventType "team-tourn"]
[EventRounds "9"]
[EventCountry "GER"]
[SourceTitle "EXT 2019"]
[Source "ChessBase"]
[SourceDate "2018.10.10"]
[SourceVersion "1"]
[SourceVersionDate "2018.10.10"]
[SourceQuality "1"]
[WhiteTeam "Pfullingen"]
[BlackTeam "Ulm Post"]
[WhiteTeamCountry "GER"]
[BlackTeamCountry "GER"]

1. d4 Nf6 2. Nf3 d5 3. c4 e6 4. Nc3 Be7 5. Bg5 0-0 6. e3 Nbd7 7. cxd5 exd5 8. Bd3 c6 9. Qc2 Re8 10. 0-0 Nf8 11. Rab1 Bg4 12. Ne5 Bh5 13. b4 Bg6 14. Nxg6 hxg6 15. b5 c5 16. dxc5 Bxc5 17. Rbd1 Rc8 18. Qb3 Ne6 19. Bxf6 Qxf6 20. Nxd5 Qe5 21. Be2 g5 22. Bf3 Rcd8 23. Qc4 b6 24. g3 g6 25. Rd3 Kg7 26. Rfd1 Rd6 27. Qc3 Qxc3 28. Nxc3 Red8 29. Rxd6 Rxd6 30. Kf1 Rxd1+ 31. Bxd1 Nc7 32. a4 Bb4 33. Na2 Bd6 34. Bb3 a6 35. bxa6 Nxa6 36. h3 Nc5 37. Bc2 Kf6 38. Nc3 Ke6 39. Ke2 Be5 40. Kd2 Kd6 41. f4 gxf4 42. gxf4 Bf6 43. e4 Bh4 44. Ke3 Be1 45. Nb5+ Ke6 46. Na3 Bh4 47. Nc4 Bd8 48. Kd4 Bf6+ 49. e5 Bd8 50. a5 Kd7 51. f5 Kc6 52. axb6 gxf5 53. Bxf5 f6 54. e6 Nb3+ 55. Kc3 Nc5 56. h4 Kd5 57. Kb4 Nxe6 58. b7 Bc7 59. h5 Nd8 60. h6 Nf7 61. h7 Nh8 62. Kb5 Bb8 63. Kb6 Kxc4 64. Kc6 Kd4 65. Kd7 Ke5 66. Bd3 f5 67. Kc8 Ba7 68. Bxf5 1/2-1/2

[Event "Oberliga Wuerttemberg 1112"]
[Site "Wuerttemberg"]
[Date "2011.11.13"]
[Round "3.7"]
[White "Hehn, Hartmut"]
[Black "Preuss, Heiko"]
[Result "0-1"]
[WhiteElo "2080"]
[BlackElo "2237"]
[PlyCount "54"]
[EventDate "2011.10.09"]
[EventType "team-tourn"]
[EventRounds "9"]
[EventCountry "GER"]
[SourceTitle "EXT 2019"]
[Source "ChessBase"]
[SourceDate "2018.10.10"]
[SourceVersion "1"]
[SourceVersionDate "2018.10.10"]
[SourceQuality "1"]
[WhiteTeam "Ebersbach"]
[BlackTeam "Ulm Post"]
[WhiteTeamCountry "GER"]
[BlackTeamCountry "GER"]

1. e4 c5 2. Nf3 d6 3. d4 cxd4 4. Nxd4 Nf6 5. Nc3 a6 6. Bg5 Nbd7 7. Qe2 e6 8. f4 Qc7 9. g4 Be7 10. Bg2 h6 11. Bxf6 Bxf6 12. 0-0-0 Nb6 13. h4 Bd7 14. g5 hxg5 15. hxg5 Rxh1 16. Bxh1 Bxd4 17. Rxd4 Ke7 18. e5 d5 19. f5 Rh8 20. Bf3 Qc5 21. f6+ gxf6 22. exf6+ Kd8 23. Rd1 Nc4 24. Qd3 Qb4 25. Rf1 Qxb2+ 26. Kd1 Rh2 27. Ne2 Qa1+ 0-1

[Event "Oberliga Wuerttemberg 0910"]
[Site "Wuerttemberg"]
[Date "2010.04.11"]
[Round "9.6"]
[White "Hehn, Hartmut"]
[Black "Preuss, Heiko"]
[Result "1/2-1/2"]
[WhiteElo "2036"]
[BlackElo "2183"]
[PlyCount "40"]
[EventDate "2009.10.11"]
[EventType "team-tourn"]
[EventRounds "9"]
[EventCountry "GER"]
[SourceTitle "EXT 2019"]
[Source "ChessBase"]
[SourceDate "2018.10.10"]
[SourceVersion "1"]
[SourceVersionDate "2018.10.10"]
[SourceQuality "1"]
[WhiteTeam "Ebersbach"]
[BlackTeam "Ulm Post"]
[WhiteTeamCountry "GER"]
[BlackTeamCountry "GER"]

1. e4 c5 2. Nf3 d6 3. d4 cxd4 4. Nxd4 Nf6 5. Nc3 a6 6. Bg5 e6 7. f4 Be7 8. Qf3 h6 9. Bh4 Qb6 10. Nb3 Nbd7 11. 0-0-0 Rg8 12. Bg3 e5 13. Nd5 Nxd5 14. Rxd5 Nf6 15. Rd2 Bg4 16. Qd3 Rd8 17. Be2 Bxe2 18. Qxe2 Qc7 19. Rhd1 Rc8 20. c3 Qc4 1/2-1/2

[Event "Oberliga Wuerttemberg 0910"]
[Site "Wuerttemberg"]
[Date "2009.10.25"]
[Round "2.5"]
[White "Latzke, Boris Alexander"]
[Black "Preuss, Heiko"]
[Result "1/2-1/2"]
[WhiteElo "2224"]
[BlackElo "2183"]
[PlyCount "146"]
[EventDate "2009.10.11"]
[EventType "team-tourn"]
[EventRounds "9"]
[EventCountry "GER"]
[SourceTitle "EXT 2019"]
[Source "ChessBase"]
[SourceDate "2018.10.10"]
[SourceVersion "1"]
[SourceVersionDate "2018.10.10"]
[SourceQuality "1"]
[WhiteTeam "Bebenhausen"]
[BlackTeam "Ulm Post"]
[WhiteTeamCountry "GER"]
[BlackTeamCountry "GER"]

1. d4 Nf6 2. c4 e6 3. Nf3 b6 4. g3 Bb7 5. Bg2 d5 6. 0-0 Nbd7 7. cxd5 exd5 8. Nc3 Be7 9. Bf4 0-0 10. Nb5 c5 11. Nd6 Bxd6 12. Bxd6 Re8 13. Rc1 Ne4 14. Bf4 Nf8 15. dxc5 bxc5 16. Nd2 Nxd2 17. Qxd2 Qb6 18. g4 Rad8 19. Rfd1 Ne6 20. Bg3 d4 21. Bxb7 Qxb7 22. Rc4 Qd5 23. Rdc1 h5 24. h3 hxg4 25. hxg4 f5 26. gxf5 Qxf5 27. Qd3 Qg4 28. Qf3 Qxf3 29. exf3 a5 30. Kg2 Rd7 31. Be5 Rd5 32. f4 Rf8 33. Ra4 g5 34. Rxa5 gxf4 35. Re1 f3+ 36. Kh1 Rf5 37. Bg3 d3 38. Ra8+ Rf8 39. Rxf8+ Kxf8 40. Rd1 c4 41. Kg1 Kf7 42. Kf1 Nc5 43. Bf4 Ne4 44. Re1 d2 45. Rd1 Rb5 46. Bxd2 Rxb2 47. Be3 Rxa2 48. Kg1 Nc3 49. Rd8 Ne2+ 50. Kh2 c3 51. Kh3 Ra4 52. Rc8 Ke6 53. Rf8 Rc4 54. Bg5 c2 55. Be3 c1Q 56. Bxc1 Rxc1 57. Kg4 Nd4 58. Kf4 Rc3 59. Ke4 Nb3 60. Kf4 Nd4 61. Ke4 Nb3 62. Kf4 Ke7 63. Rh8 Nd4 64. Ke5 Nc6+ 65. Ke4 Nd8 66. Rh3 Ne6 67. Rh7+ Kf6 68. Rh6+ Kf7 69. Ke5 Ng5 70. Kf5 Rc5+ 71. Kg4 Kg7 72. Ra6 Rc2 73. Kxg5 Rxf2 1/2-1/2

[Event "Oberliga Wuerttemberg 0809"]
[Site "Wuerttemberg"]
[Date "2008.10.26"]
[Round "2.6"]
[White "Preuss, Heiko"]
[Black "Bauer, Manfred"]
[Result "0-1"]
[WhiteElo "2166"]
[BlackElo "2037"]
[PlyCount "74"]
[EventDate "2008.10.12"]
[EventType "team-tourn"]
[EventRounds "9"]
[EventCountry "GER"]
[SourceTitle "EXT 2019"]
[Source "ChessBase"]
[SourceDate "2018.10.10"]
[SourceVersion "1"]
[SourceVersionDate "2018.10.10"]
[SourceQuality "1"]
[WhiteTeam "Ulm Post"]
[BlackTeam "Schmiden/Cannstatt"]
[WhiteTeamCountry "GER"]
[BlackTeamCountry "GER"]

1. d4 Nf6 2. c4 g6 3. f3 d5 4. cxd5 Nxd5 5. e4 Nb6 6. Nc3 Bg7 7. Be3 0-0 8. Qd2 Nc6 9. Rd1 e5 10. d5 Ne7 11. h4 f5 12. Bh6 f4 13. Bxg7 Kxg7 14. g3 Ng8 15. gxf4 Rxf4 16. Qf2 Rf7 17. Nge2 Kh8 18. Nc1 Qf8 19. Be2 Bd7 20. Qg3 Re8 21. Nd3 Qe7 22. b3 Nf6 23. Rd2 Nh5 24. Qh2 Nc8 25. Bd1 b6 26. Rg2 Nf4 27. Nxf4 exf4 28. Rd2 Nd6 29. Ne2 Nxe4 30. fxe4 Qxe4 31. Bc2 Qe3 32. Kd1 f3 33. Ng3 f2 34. Bd3 Rf3 35. Nf1 Qd4 36. Kc2 Bf5 37. Bxf5 Qc3+ 0-1

[Event "Oberliga Wuerttemberg 0708"]
[Site "Wuerttemberg"]
[Date "2008.02.10"]
[Round "6.5"]
[White "Junger, Ulrich"]
[Black "Preuss, Heiko"]
[Result "1/2-1/2"]
[WhiteElo "2143"]
[BlackElo "2282"]
[PlyCount "120"]
[EventDate "2007.10.07"]
[EventType "team-tourn"]
[EventRounds "9"]
[EventCountry "GER"]
[SourceTitle "EXT 2018"]
[Source "ChessBase"]
[SourceDate "2017.10.13"]
[SourceVersion "1"]
[SourceVersionDate "2017.10.13"]
[SourceQuality "1"]
[WhiteTeam "Ebersbach"]
[BlackTeam "Ulm Post"]
[WhiteTeamCountry "GER"]
[BlackTeamCountry "GER"]

1. e4 c5 2. Nf3 d6 3. d3 Nc6 4. g3 g6 5. Bg2 Bg7 6. 0-0 e5 7. Nc3 Nge7 8. Bg5 f6 9. Be3 0-0 10. Nd2 Nd4 11. Nd5 Nxd5 12. exd5 Nf5 13. a4 Nxe3 14. fxe3 f5 15. Nc4 Bh6 16. Qe2 Qe7 17. c3 Bd7 18. b4 cxb4 19. cxb4 b5 20. Na5 Qg5 21. Rfe1 a6 22. Nc6 Rfe8 23. axb5 axb5 24. Rxa8 Rxa8 25. d4 exd4 26. Nxd4 Ra3 27. Kf2 Qe7 28. Qd2 Qe5 29. Nc6 Qc3 30. Qxc3 Rxc3 31. Bf1 Bxc6 32. dxc6 Rxc6 33. Bxb5 Rb6 34. Bc4+ Kf8 35. b5 d5 36. Be2 Bg5 37. Rd1 Rd6 38. Bf3 d4 39. exd4 Bd8 40. d5 Bb6+ 41. Ke2 Ke7 42. Ra1 Rd8 43. Kd3 Kd7 44. Ra6 Kc7 45. Kc4 Rb8 46. Ra2 Kd7 47. Ra6 Kc7 48. g4 fxg4 49. Bxg4 Kd6 50. Be6 Kc7 51. Ra2 Rf8 52. Rc2 Rf2 53. Rc1 Rxh2 54. Kd3+ Kb7 55. d6 Rh5 56. Bc4 Kc8 57. Be6+ Kb7 58. Rb1 Re5 59. Bf7 Kc8 60. Kc4 Kd7 1/2-1/2

[Event "BL2-Sued 0102"]
[Site "Germany"]
[Date "2002.02.24"]
[Round "6.8"]
[White "Wornath, Kai Rudolf"]
[Black "Preuss, Heiko"]
[Result "1/2-1/2"]
[WhiteElo "2386"]
[BlackElo "2210"]
[PlyCount "120"]
[EventDate "2001.10.07"]
[EventType "team-tourn"]
[EventRounds "9"]
[EventCountry "GER"]
[SourceTitle "CBM 088 Extra"]
[Source "ChessBase"]
[SourceDate "2002.07.01"]
[SourceVersion "2"]
[SourceVersionDate "2002.07.01"]
[SourceQuality "1"]
[WhiteTeam "Schott Mainz"]
[BlackTeam "Ulm"]
[WhiteTeamCountry "GER"]
[BlackTeamCountry "GER"]

1. d4 Nf6 2. c4 e6 3. Nf3 d5 4. Nc3 Be7 5. Bg5 Nbd7 6. e3 c6 7. Rc1 0-0 8. Bd3 dxc4 9. Bxc4 Nd5 10. Bxe7 Qxe7 11. Qb3 Nxc3 12. Qxc3 Re8 13. Ne5 Nb6 14. 0-0 f6 15. Nd3 Nxc4 16. Qxc4 Bd7 17. f4 b6 18. Qb4 Qxb4 19. Nxb4 Rac8 20. Rfd1 Red8 21. Nd3 Be8 22. b4 Bg6 23. Nf2 Kf8 24. Kf1 Ke7 25. Ke2 Kd7 26. Rd2 Kc7 27. e4 Kb7 28. Ke3 Rc7 29. Rdc2 Ra8 30. g4 a5 31. f5 exf5 32. gxf5 Be8 33. b5 Rac8 34. bxc6+ Rxc6 35. Rxc6 Rxc6 36. Rxc6 Kxc6 37. Nd3 Kd6 38. Nf4 Bf7 39. d5 g6 40. fxg6 hxg6 41. Kd4 g5 42. Ng2 Bh5 43. Ne3 Be2 44. a3 b5 45. Nf5+ Kd7 46. Ng3 Bd1 47. Kc5 Ba4 48. Ne2 Bc2 49. Nc3 Bd3 50. Kd4 Bf1 51. Nb1 Kd6 52. Nd2 Be2 53. Nb3 b4 54. a4 Bd1 55. Nxa5 Bxa4 56. Nb7+ Kc7 57. Nc5 Bb5 58. e5 fxe5+ 59. Kxe5 Bc4 60. Kd4 b3 1/2-1/2